000 00618nam a2200241Ia 4500
001 8914
005 20240113234141.0
007 ta
008 050722s1892 g b000 u eng u
040 _aCotton College,Assam
041 _aeng
082 _a821.48
_bC 847 D
100 _aNo , Author.
245 0 _aDryden`s Poem /
_cNo Author.
_hTextual Documents
260 _aLondon :
_bCambridge University Press ,
_c1892.
300 _aiv, 188p. ;
_c18cm.
653 _aEnglish-poem, Dryden
653 _aT/G-English
942 _2ddc
_cBK
999 _c8901
_d8901